| 000 | 00667nam a2200193Ia 4500 | ||
|---|---|---|---|
| 003 | GCL | ||
| 008 | 140319s9999 xx 000 0 ara d | ||
| 040 |
_aGCL / _cGCL |
||
| 082 | 0 | 4 |
_aد _b050 |
| 100 | 1 | _aاسامة سعد ابوسريع | |
| 245 | 1 | 0 |
_aالصداقة من منظور علم النفس (عالم المعرفة 179) / _cاسامة سعد ابوسريع |
| 260 |
_a[S.N] : _bالمجلس الوطنى للثقافة والفنون والاداب ، _c1993 |
||
| 300 | _a303 ص | ||
| 490 |
_aعالم المعرفة _v0 |
||
| 650 | 0 | 4 | _aالعلاقات الانسانية |
| 650 | 0 | 4 | _aالسلوك |
| 650 | 0 | 4 | _aالصداقة |
| 942 |
_2ddc _cBK |
||
| 999 |
_c35869 _d35869 |
||